| 000 | 00908nam a2200253Ia 4500 | ||
|---|---|---|---|
| 003 | OSt | ||
| 005 | 20220930065024.0 | ||
| 006 | a|||||r|||| 00| 0 | ||
| 007 | ta | ||
| 008 | 220926b |||||||| |||| 00| 0 eng d | ||
| 024 | _a5019 | ||
| 037 | _cTheses | ||
| 040 |
_aCRL _cCRL _beng |
||
| 041 |
_2eng _aeng |
||
| 100 |
_aJain Pawan Kumar _9389718 |
||
| 110 |
_aUniversity of Delhi. Faculty of Medical Sciences. Department of Neurology _9522087 |
||
| 245 | 0 | _aStudy of changing pattern of seizures in epileptics with a complete clinical & electroence halographic correlation to the response to anticonvulsants | |
| 260 | _c1976 | ||
| 650 |
_aNEUROSCIENCES _928635 |
||
| 700 |
_a Dr S Janaki Supervisor _9524639 |
||
| 700 |
_aUniversity of Delhi. Faculty of Medical Sciences. Department of Neurology _9522089 |
||
| 942 |
_cDIS _2CC |
||
| 999 |
_c858980 _d858980 |
||